| 000 | 00612cam a22002291 4500 | ||
|---|---|---|---|
| 001 | sa 68001588 | ||
| 003 | DLC | ||
| 005 | 20260227112434.0 | ||
| 008 | 890724s1967 ii c 000 0 hino | ||
| 010 | _asa 68001588 | ||
| 035 | _a(OCoLC)20061576 | ||
| 040 |
_aDLC _cWaU _dDLC |
||
| 042 | _apremarc | ||
| 050 | 0 | 0 |
_aPK2033 _b.B52 |
| 100 | 1 | _aBhaṭanāgara, Bāṇkevihārī. | |
| 245 | 1 | 0 | _aHindī patrakāritā ke gaurava : Baṅkevihārī Bhaṭanāgara. |
| 260 | _c1967. | ||
| 300 |
_a326 p. _bports. _c22 cm. |
||
| 500 | _aIn Hindi. | ||
| 650 | 0 | _aHindi literature. | |
| 700 | 1 |
_aBaccana, _d1907-2003. |
|
| 999 |
_c78063 _d78063 |
||